000
00294nam a2200109Ia 4500
008
190912s9999||||xx |||||||||||||| ||und||
100
_a
Spiegel, Stephens
245
0
_a
Schaum's outLines of Theory And Problems of Statistics
260
_a
USA
_b
Prentice Hall
_c
1999
300
_a
538
942
_c
BK
999
_c
7728
_d
7728